<?xml version="1.0" encoding="UTF-8"?>
<record
    xmlns:xsi="http://www.w3.org/2001/XMLSchema-instance"
    xsi:schemaLocation="http://www.loc.gov/MARC21/slim http://www.loc.gov/standards/marcxml/schema/MARC21slim.xsd"
    xmlns="http://www.loc.gov/MARC21/slim">

  <leader>02253nam a2200349 a 4500</leader>
  <controlfield tag="001">000016368</controlfield>
  <controlfield tag="003">DO-SdBPM</controlfield>
  <controlfield tag="005">20260623134856.0</controlfield>
  <controlfield tag="007">ta</controlfield>
  <controlfield tag="008">100304s20uu    dr a      001 0 spa d</controlfield>
  <datafield tag="040" ind1=" " ind2=" ">
    <subfield code="a">DO-SdBPM</subfield>
    <subfield code="b">spa</subfield>
    <subfield code="c">BPMSU </subfield>
    <subfield code="d">rda</subfield>
  </datafield>
  <datafield tag="082" ind1=" " ind2="4">
    <subfield code="a">616.12</subfield>
    <subfield code="b">U75m [202-?]</subfield>
    <subfield code="2">22</subfield>
  </datafield>
  <datafield tag="100" ind1="1" ind2=" ">
    <subfield code="a"> Ure&#xF1;a Rivera, Mildred Ileana </subfield>
    <subfield code="e">autor </subfield>
    <subfield code="4">aut. </subfield>
  </datafield>
  <datafield tag="245" ind1="1" ind2="0">
    <subfield code="a"> Manual b&#xE1;sico de terapia intensiva cardiovascular /</subfield>
    <subfield code="c">Mildre Ileana Ure&#xF1;a Rivera, Rufino Senen Caba ; editor Ernesto D&#xED;az Alvarez  ; colaboradores Carlos Rivera ... [y otros] </subfield>
  </datafield>
  <datafield tag="260" ind1=" " ind2=" ">
    <subfield code="a"> </subfield>
    <subfield code="c"> </subfield>
  </datafield>
  <datafield tag="264" ind1=" " ind2=" ">
    <subfield code="a">Santo Domingo :</subfield>
    <subfield code="b">Laboratorio Britania, </subfield>
    <subfield code="c">[202-?]</subfield>
  </datafield>
  <datafield tag="300" ind1=" " ind2=" ">
    <subfield code="a">208 p&#xE1;ginas  :</subfield>
    <subfield code="b">ilustraciones, gr&#xE1;ficos, tablas, fotograf&#xED;a ;</subfield>
    <subfield code="c">27 cm.</subfield>
  </datafield>
  <datafield tag="336" ind1=" " ind2=" ">
    <subfield code="a">texto</subfield>
    <subfield code="b">txt</subfield>
    <subfield code="2">rdacontent</subfield>
  </datafield>
  <datafield tag="337" ind1=" " ind2=" ">
    <subfield code="a">sin mediaci&#xF3;n</subfield>
    <subfield code="b">n</subfield>
    <subfield code="2">rdamedia</subfield>
  </datafield>
  <datafield tag="338" ind1=" " ind2=" ">
    <subfield code="a">volumen</subfield>
    <subfield code="b">nc</subfield>
    <subfield code="2">rdacarrier</subfield>
  </datafield>
  <datafield tag="504" ind1=" " ind2=" ">
    <subfield code="a">Bibliograf&#xED;a : p&#xE1;gina 100</subfield>
  </datafield>
  <datafield tag="505" ind1="0" ind2=" ">
    <subfield code="a">Introducci&#xF3;n. 1 -- Manejo infarto agudo de miocardio con elevaci&#xF3;n del segmento ST. 2 -- Manejo infarto agudo de miocardio sin elevaci&#xF3;n del segmento ST. 13 -- Crisis hipertensiva. 32 -- Insuficiencia cardiaca aguda (ICA). 44 --Shock cardiog&#xE9;nico. 51 -- Tromboembolismo pulmonar. 66 -- Reanimaci&#xF3;n cardiopulmonar y coma inducido. 81 -- S&#xED;ndrome a&#xF3;rtico agudo 95. -- Manejo de la fibraci&#xF3;n auricular en situaciones intrahospilarias.113 -- Diagn&#xF3;stico y manejo de pacientes que presentan s&#xED;ntomas relacionados con la bradicardia en entornos de emergencia y cuidados intensivos. 120  -- Analgesia, sedaci&#xF3;n y delirium en la unidad de cuidados intensivos cardiovascular cl&#xED;nica. 129 -- Gases arteriales. 139 -- Ventilaci&#xF3;n mec&#xE1;nica. 150 -- Medicamentos cardiovasculares (Diluciones e infusiones: inotr&#xF3;picos, antiarr&#xED;tmicos, antihipertensivos, analg&#xE9;sicos y sedantes) de uso com&#xFA;n en UCI. 168 -- Referencias. 200

</subfield>
  </datafield>
  <datafield tag="590" ind1=" " ind2=" ">
    <subfield code="a">Inventariado, 2026/VM</subfield>
  </datafield>
  <datafield tag="650" ind1=" " ind2="7">
    <subfield code="a">Cardiolog&#xED;a</subfield>
    <subfield code="v">Manuales</subfield>
  </datafield>
  <datafield tag="650" ind1=" " ind2="7">
    <subfield code="a">Enfermedades cardiovasculares</subfield>
    <subfield code="x">Diagn&#xF3;stico</subfield>
  </datafield>
  <datafield tag="650" ind1=" " ind2="7">
    <subfield code="a">Enfermedades cardiovasculares</subfield>
    <subfield code="x">Tratamiento </subfield>
  </datafield>
  <datafield tag="700" ind1="1" ind2=" ">
    <subfield code="a">Senen Caba, Rufino </subfield>
    <subfield code="e">autor </subfield>
  </datafield>
  <datafield tag="700" ind1="1" ind2=" ">
    <subfield code="a">D&#xED;az Alvarez, Ernesto </subfield>
    <subfield code="e">editor </subfield>
  </datafield>
  <datafield tag="710" ind1="2" ind2=" ">
    <subfield code="a">Asociaci&#xF3;n Instituto Dominicano de Cardiolog&#xED;a </subfield>
  </datafield>
  <datafield tag="910" ind1=" " ind2=" ">
    <subfield code="a">VMateo V. Control de calidad BPMSU</subfield>
  </datafield>
  <datafield tag="942" ind1=" " ind2=" ">
    <subfield code="2">ddc</subfield>
    <subfield code="c">BK</subfield>
  </datafield>
  <datafield tag="952" ind1=" " ind2=" ">
    <subfield code="0">0</subfield>
    <subfield code="1">0</subfield>
    <subfield code="2">ddc</subfield>
    <subfield code="7">0</subfield>
    <subfield code="8">CD</subfield>
    <subfield code="a">BPMET</subfield>
    <subfield code="b">BPMET</subfield>
    <subfield code="d">2026-06-23</subfield>
    <subfield code="l">0</subfield>
    <subfield code="o">BPMSU CD 616.12 U75m [202-?]</subfield>
    <subfield code="p">BPMSU26060715</subfield>
    <subfield code="r">2026-06-23</subfield>
    <subfield code="w">2026-06-23</subfield>
    <subfield code="y">BK</subfield>
  </datafield>
  <datafield tag="999" ind1=" " ind2=" ">
    <subfield code="c">15939</subfield>
    <subfield code="d">15939</subfield>
  </datafield>
</record>
